Statistics for Country By Fascinating Fact #1

Click here to take the quiz!

General Stats

  • This quiz has been taken 34 times
  • The average score is 11 of 15

Answer Stats

Fascinating FactCountry% Correct
Bread was invented here around 8,000 BCEgypt
100%
125 million chopsticks are made here every yearChina
97%
The most visited country in the world with 89 million annual touristsFrance
97%
The world’s largest island nationIndonesia
93%
Experiences 20% of the world’s 6.0-magnitude or higher earthquakes annuallyJapan
90%
The body of this country's leader, Uncle Ho, was encased in glassVietnam
77%
This nation morre isolated tribes than any other countryBrazil
73%
Home to the largest pyramid in the worldMexico
73%
Sugar was first chemically refined here 2,500 years agoIndia
67%
The most ancient human skeleton ever unearthed was found hereEthiopia
63%
Everyone in this European country, even foreigners, can attend college tuition-freeGermany
63%
Holds an annual festival that pays homage to monkeysThailand
63%
Belgium colonized this African country from 1908 to 1960DRC
60%
The world’s top supplier of nursesPhilippines
47%
Women here give birth to more twins than anywhere else in the worldNigeria
33%

Score Distribution

Percentile by Number Answered

Percent of People with Each Score

Your Score History

You have not taken this quiz